000 00875cam a22001814a 4500
005 20250605164349.0
008 250528s ||||||||||||||||||||||||d
035 _a24059
040 _aGR-AtMCL
_bgre
_dGR-AtMCL
_eAACR2
245 1 _aExamining the Endangered / The Sumatran Rhino's Anatomy Explored with Protolabs and 3D Tech
260 _bBpa Worldwide,
_c2019
300 _a66
520 _aExamining the Endangered, The Life and Times of SLS Powders, Data Acquisition, Surveying the Road Ahead, Metal Makers, The Degree of Freedom: 3D Printing Ceramics and Glass, Pushing for Performance in Polymer Powders, News, Factory Reset, Making the Next Generation, Opportunity Pending, Accelerating Design, Music to the Ears, In for a Penny, Pushing Prusa, Ongoing Quest for Wisdom.
700 1 _aGriffiths Laura
_99377
942 _cCR
999 _c8959
_d8959